[Event "105th ch-GBR 2018"]
[Site "Hull ENG"]
[Date "2018.07.28"]
[Round "1.2"]
[White "Howell, David W L"]
[Black "Abdulla, Murad"]
[Result "1-0"]
[WhiteTitle "GM"]
[BlackTitle "FM"]
[WhiteElo "2687"]
[BlackElo "2281"]
[WhiteFideId "410608"]
[BlackFideId "2403757"]
[EventDate "2018.07.28"]

1. c4 c5 2. Nf3 Nc6 3. d4 cxd4 4. Nxd4 g6 5. e4 Bg7 6. Be3 Nf6 7. Nc3 Ng4 8.
Qxg4 Nxd4 9. Qd1 Nc6 10. Qd2 d6 11. Be2 b6 12. Bh6 O-O 13. Rd1 Ba6 14. h4 Bxh6
15. Qxh6 e6 16. f4 Na5 17. e5 f5 18. h5 Qe8 19. Rxd6 Bxc4 20. Bxc4 Nxc4 21. hxg6
Qxg6 22. Qxg6+ hxg6 23. Rxe6 Kg7 24. Nd5 Rfe8 25. Rxe8 Rxe8 26. Nf6 Re7 27. Rh7+
Kf8 28. Nd7+ Ke8 29. Nf6+ Kf8 30. b3 Ne3 31. Rh2 Nc2+ 32. Kd2 Nd4 33. Ke3 Ne6
34. g3 Rc7 35. Rh8+ Kg7 36. Rh7+ Kf8 37. Nd7+ Ke8 38. Nf6+ Kf8 39. Rxc7 Nxc7 40.
Kd4 Kf7 41. Kc4 Ke6 42. b4 a6 43. a4 b5+ 44. axb5 Nxb5 45. Kc5 Nc3 46. Kb6 Ne2
47. Kxa6 Nxg3 48. b5 Ne4 49. b6 Nc5+ 50. Kb5 Nb7 51. Kc6 Na5+ 52. Kc7 g5 53.
fxg5 Kxe5 54. Nh5 1-0

[Event "105th ch-GBR 2018"]
[Site "Hull ENG"]
[Date "2018.07.28"]
[Round "1.3"]
[White "Kalavannan, Koby"]
[Black "Jones, Gawain C B"]
[Result "0-1"]
[BlackTitle "GM"]
[WhiteElo "2277"]
[BlackElo "2670"]
[WhiteFideId "425753"]
[BlackFideId "409561"]
[EventDate "2018.07.28"]

1. d4 g6 2. c4 Bg7 3. e4 d6 4. Nc3 e5 5. dxe5 dxe5 6. Qxd8+ Kxd8 7. Bg5+ f6 8.
O-O-O+ Bd7 9. Be3 Kc8 10. f3 Nc6 11. Nge2 Be6 12. Nd5 Nd8 13. Nec3 c6 14. Nb4
Bh6 15. Nc2 Kc7 16. Be2 Bxe3+ 17. Nxe3 Ne7 18. b4 Nf7 19. Kb2 Rhd8 20. Rc1 Rd2+
21. Rc2 Rxc2+ 22. Kxc2 b6 23. a4 Rd8 24. a5 f5 25. axb6+ axb6 26. Ra1 Kb8 27.
Rd1 Rd4 28. Na4 Kc7 29. exf5 gxf5 30. Kc3 f4 31. Nc2 Rxd1 32. Bxd1 Nd6 33. Be2
Bxc4 34. Bxc4 Nxc4 35. Kxc4 b5+ 36. Kb3 bxa4+ 37. Kxa4 Kd6 38. Kb3 Kd5 39. Kc3
e4 40. Ne1 Nf5 41. Kd2 Nh4 42. Ke2 exf3+ 43. gxf3 Kc4 44. h3 Kc3 45. Nd3 Ng6 46.
Nf2 Kxb4 47. Kd3 c5 48. Ke4 c4 49. h4 Nxh4 50. Kxf4 c3 51. Nd3+ Kb3 52. Kg4 Ng6
53. f4 c2 54. Nc1+ Kb2 55. Ne2 Ne7 56. f5 Nd5 57. Kg5 Nc3 58. f6 0-1

[Event "105th ch-GBR 2018"]
[Site "Hull ENG"]
[Date "2018.07.28"]
[Round "1.4"]
[White "McShane, Luke J"]
[Black "Pritchett, Craig W"]
[Result "1-0"]
[WhiteTitle "GM"]
[BlackTitle "IM"]
[WhiteElo "2669"]
[BlackElo "2274"]
[WhiteFideId "404853"]
[BlackFideId "2400065"]
[EventDate "2018.07.28"]

1. c4 c5 2. Nf3 Nf6 3. Nc3 e6 4. e3 Nc6 5. d4 d5 6. a3 a6 7. dxc5 Bxc5 8. b4 Be7
9. Bb2 O-O 10. cxd5 exd5 11. Be2 Be6 12. O-O Rc8 13. Nd4 Nxd4 14. Qxd4 Qd7 15.
Rad1 Rfd8 16. Rd2 Ne8 17. Rfd1 Bf6 18. Qd3 Nc7 19. Bf3 Bg4 20. Bxg4 Qxg4 21. h3
Qc4 22. Na4 Qxd3 23. Rxd3 Bxb2 24. Nxb2 Nb5 25. Na4 Kf8 26. Nc5 b6 27. Nxa6 Nc3
28. R1d2 Ne4 29. Rb2 Rc1+ 30. Kh2 Ra8 31. b5 Nc5 32. Rxd5 Nxa6 33. bxa6 Rxa6 34.
Rd7 g6 35. Rb4 h5 36. Rf4 f5 37. g4 hxg4 38. hxg4 Rc5 39. a4 Kg8 40. Kg3 Rca5
41. gxf5 gxf5 42. Rb7 Rxa4 43. Rxf5 R6a5 44. Rf6 Rg5+ 45. Kf3 b5 46. Rd6 Rf5+
47. Kg2 Rf8 48. Rg6+ 1-0

[Event "105th ch-GBR 2018"]
[Site "Hull ENG"]
[Date "2018.07.28"]
[Round "1.6"]
[White "Pert, Nicholas"]
[Black "Britton, Richard L"]
[Result "1-0"]
[WhiteTitle "GM"]
[BlackTitle "FM"]
[WhiteElo "2544"]
[BlackElo "2249"]
[WhiteFideId "403989"]
[BlackFideId "401692"]
[EventDate "2018.07.28"]

1. d4 Nf6 2. Nf3 g6 3. g3 Bg7 4. Bg2 O-O 5. O-O d6 6. Nc3 Nbd7 7. a4 Re8 8. a5
c6 9. Bf4 Qc7 10. Qc1 e5 11. dxe5 dxe5 12. Bh6 Bh8 13. Ra4 Rb8 14. h3 b5 15.
axb6 axb6 16. Ng5 b5 17. Rh4 b4 18. Nce4 Nxe4 19. Bxe4 Nf6 20. Bd3 Re7 21. Bc4
Bd7 22. Qe3 c5 23. Qd3 Bg7 24. Nxh7 Bf5 25. Bxg7 Bxd3 26. Bxf6 Rb6 27. exd3 Rxf6
28. Nxf6+ Kg7 29. Nd5 Qd8 30. Nxe7 Qxe7 31. Re4 f5 32. Re3 Qd6 33. Rfe1 f4 34.
Re4 g5 35. Rxe5 fxg3 36. Rxg5+ 1-0

[Event "105th ch-GBR 2018"]
[Site "Hull ENG"]
[Date "2018.07.28"]
[Round "1.12"]
[White "Gormally, Daniel W"]
[Black "Kalaiyalahan, Akshaya"]
[Result "1-0"]
[WhiteTitle "GM"]
[BlackTitle "FM"]
[WhiteElo "2478"]
[BlackElo "2138"]
[WhiteFideId "406465"]
[BlackFideId "422894"]
[EventDate "2018.07.28"]

1. e4 c5 2. Nf3 Nc6 3. Bb5 g6 4. O-O Bg7 5. d3 Nf6 6. Bxc6 bxc6 7. e5 Nd5 8.
Nbd2 O-O 9. Re1 d6 10. h3 Nc7 11. Ne4 Ne6 12. Be3 f5 13. Neg5 f4 14. Nxe6 Bxe6
15. Bd2 Bd5 16. exd6 exd6 17. Bc3 Bxc3 18. bxc3 c4 19. dxc4 Bxc4 20. Nd2 Bf7 21.
Qg4 Be8 22. Rab1 Bd7 23. Qf3 d5 24. c4 Rf7 25. cxd5 cxd5 26. Rb4 Qa5 27. Qb3
Raf8 28. Nf3 a6 29. Re5 Bc6 30. Ng5 Rd7 31. Ne6 Re8 32. Rxf4 Rde7 33. Qf3 Rxe6
34. Rxe6 Rxe6 35. Rf8+ Kg7 36. Qf7+ Kh6 37. Qxe6 1-0

[Event "105th ch-GBR 2018"]
[Site "Hull ENG"]
[Date "2018.07.28"]
[Round "1.14"]
[White "Ward, Chris G"]
[Black "Payne, Matthew J"]
[Result "1/2-1/2"]
[WhiteTitle "GM"]
[WhiteElo "2434"]
[BlackElo "2113"]
[WhiteFideId "400203"]
[BlackFideId "417084"]
[EventDate "2018.07.28"]

1. d4 Nf6 2. c4 g6 3. Nc3 Bg7 4. e4 d6 5. Nge2 O-O 6. Ng3 e5 7. d5 a5 8. Be2 Na6
9. h4 h5 10. Bg5 Qe8 11. Qd2 Nh7 12. Bh6 Qe7 13. O-O-O Bxh6 14. Qxh6 Qf6 15. Bf3
Nc5 16. Qe3 Re8 17. Nge2 a4 18. Kb1 b6 19. Nb5 Re7 20. Nec3 Qg7 21. Ka1 f5 22.
exf5 gxf5 23. Bxh5 f4 24. Qd2 Bf5 25. g4 Bd3 26. g5 e4 27. Na3 e3 28. fxe3 fxe3
29. Qg2 Rf8 30. Rhe1 Rf2 31. Qh3 Bf5 32. Qg3 Nd3 33. Rxe3 Rxe3 34. Qxe3 Nxb2 35.
Rd2 Nd3 36. Rxd3 Bxd3 37. Qxd3 Nf8 38. Nb1 Qe5 39. Bg4 Rf4 40. Be6+ Kg7 41. Qg3
Rxc4 42. Qf3 Nxe6 43. dxe6 Qxe6 44. h5 b5 45. h6+ Kg6 46. Qf8 Qf7 47. Qh8 Rh4
48. Nxb5 Rh2 49. N5c3 Kxg5 50. Qg7+ Qg6 51. Qxc7 Kxh6 52. Qb8 Qf6 53. Qb4 Rh4
54. Qb6 Qd4 55. Qd8 Rh3 56. Qf8+ Kg5 57. Qe7+ Qf6 58. Qxf6+ Kxf6 1/2-1/2

[Event "105th ch-GBR 2018"]
[Site "Hull ENG"]
[Date "2018.07.28"]
[Round "1.19"]
[White "Price, Gwilym"]
[Black "Houska, Jovanka"]
[Result "1-0"]
[BlackTitle "IM"]
[WhiteElo "2085"]
[BlackElo "2406"]
[WhiteFideId "443980"]
[BlackFideId "405094"]
[EventDate "2018.07.28"]

1. e4 c6 2. d4 d5 3. e5 Bf5 4. h4 c5 5. dxc5 Nc6 6. Nf3 e6 7. Be3 Nh6 8. c3 Ng4
9. Bd4 Be7 10. b4 f6 11. Bb5 fxe5 12. Nxe5 Nxe5 13. Bxe5 O-O 14. Bxc6 Bxh4 15.
g3 Bf6 16. Bxf6 Qxf6 17. Bxb7 Bxb1 18. Qd4 Qf3 19. Rh2 Bd3 20. Qe3 Qxe3+ 21.
fxe3 Rab8 22. Kd2 Rxb7 23. Kxd3 Rf3 24. Rg2 Kf7 25. a4 a6 26. Rb1 Rc7 27. Kd4
e5+ 28. Kxd5 Rxe3 29. Kd6 Re7 30. b5 Rd3+ 31. Kc6 Re6+ 32. Kc7 axb5 33. axb5
Rxc3 34. c6 e4 35. Rd2 e3 36. Rd6 e2 37. Re1 Re5 38. b6 Rf3 39. b7 Rf1 40. Rxe2
Rxe2 41. b8=Q Re7+ 42. Rd7 1-0

[Event "105th ch-GBR 2018"]
[Site "Hull ENG"]
[Date "2018.07.28"]
[Round "1.22"]
[White "Roberson, Peter T"]
[Black "Ratnesan, Ranesh"]
[Result "1-0"]
[WhiteTitle "IM"]
[WhiteElo "2401"]
[BlackElo "2073"]
[WhiteFideId "412384"]
[BlackFideId "439339"]
[EventDate "2018.07.28"]

1. e4 c5 2. Nf3 d6 3. Bb5+ Bd7 4. Bxd7+ Nxd7 5. O-O Ngf6 6. Qe2 Rc8 7. c4 g6 8.
Nc3 Bg7 9. d4 cxd4 10. Nxd4 Ne5 11. b3 Nfd7 12. Be3 Qa5 13. Rac1 Nc6 14. Qd2 O-O
15. Nde2 Nc5 16. Rfd1 a6 17. f3 b5 18. cxb5 axb5 19. Nd5 Qxd2 20. Rxd2 Rfe8 21.
Bxc5 dxc5 22. Rxc5 Bh6 23. Rdc2 1-0

[Event "105th ch-GBR 2018"]
[Site "Hull ENG"]
[Date "2018.07.28"]
[Round "1.23"]
[White "Jackson, Sheila"]
[Black "Eggleston, David J"]
[Result "0-1"]
[WhiteTitle "WGM"]
[BlackTitle "IM"]
[WhiteElo "2072"]
[BlackElo "2397"]
[WhiteFideId "402508"]
[BlackFideId "412120"]
[EventDate "2018.07.28"]

1. e4 c5 2. Nf3 d6 3. Bb5+ Nd7 4. a4 Nf6 5. Nc3 g6 6. O-O Bg7 7. d4 cxd4 8. Qxd4
O-O 9. Re1 Nb6 10. Qd1 Bg4 11. a5 Nbd7 12. h3 Bxf3 13. Qxf3 Ne5 14. Qd1 a6 15.
Bf1 Nc6 16. Be3 Nxa5 17. e5 Ne8 18. Nd5 Nc6 19. Bb6 Qd7 20. exd6 exd6 21. c3 Nf6
22. Nxf6+ Bxf6 23. Qf3 Bg7 24. Rad1 Rfe8 25. Rxe8+ Rxe8 26. Bc5 Bf8 27. Ba3 Rd8
28. c4 Qe6 29. b3 h5 30. h4 Bg7 31. g3 Rd7 32. Bg2 Nd4 33. Qd3 b5 34. Bd5 Qg4
35. Re1 bxc4 36. bxc4 Kh7 37. Re4 Nf3+ 38. Kg2 Nxh4+ 39. Kf1 Qh3+ 40. Ke2 Nf5
41. c5 dxc5 42. Bxc5 Nd4+ 0-1

[Event "105th ch-GBR 2018"]
[Site "Hull ENG"]
[Date "2018.07.28"]
[Round "1.25"]
[White "McDougall, William M"]
[Black "Zakarian, David"]
[Result "0-1"]
[BlackTitle "FM"]
[WhiteElo "2056"]
[BlackElo "2354"]
[WhiteFideId "2404923"]
[BlackFideId "13301276"]
[EventDate "2018.07.28"]

1. d4 Nf6 2. c4 e6 3. Nf3 Bb4+ 4. Nbd2 b6 5. a3 Bxd2+ 6. Nxd2 Bb7 7. e3 O-O 8.
Bd3 d6 9. O-O e5 10. d5 a5 11. b3 Nbd7 12. Bb2 Qe7 13. Qe2 Rfe8 14. h3 Nf8 15.
Bc2 c6 16. dxc6 Bxc6 17. Rad1 Qb7 18. f4 Rad8 19. c5 bxc5 20. Nc4 Bb5 21. fxe5
Bxc4 22. Qxc4 d5 23. Qh4 N6d7 24. e6 fxe6 25. Qg5 e5 26. Qf5 Re7 27. e4 d4 28.
Bc1 Ne6 29. Bg5 Nxg5 30. Qxg5 Rde8 31. Rc1 h6 32. Qh5 Qa6 33. Rf3 c4 34. bxc4
Nc5 35. Rcf1 Qxc4 36. Bb1 a4 37. Kh2 d3 38. R1f2 Rd8 39. Ba2 Nb3 40. Rf6 Qxe4
41. Rb6 Qd4 42. Rxb3 axb3 43. Bxb3+ Kh8 44. Qf5 e4 45. Bf7 Qe5+ 0-1

[Event "105th ch-GBR 2018"]
[Site "Hull ENG"]
[Date "2018.07.28"]
[Round "1.28"]
[White "Fitzsimons, David"]
[Black "Iyengar, Ilya"]
[Result "1-0"]
[WhiteTitle "FM"]
[WhiteElo "2328"]
[BlackElo "2017"]
[WhiteFideId "2501961"]
[BlackFideId "405949"]
[EventDate "2018.07.28"]

1. e4 c5 2. Nf3 e6 3. Nc3 Nc6 4. Bb5 Nd4 5. O-O Nxb5 6. Nxb5 a6 7. Nc3 b5 8. d4
cxd4 9. Qxd4 Bb7 10. Re1 Nf6 11. a4 b4 12. Nd5 Nxd5 13. exd5 Qf6 14. dxe6 fxe6
15. Ne5 Bd5 16. Bd2 a5 17. c4 bxc3 18. Bxc3 d6 19. Qxd5 exd5 20. Ng6+ Kd7 21.
Bxf6 hxg6 22. Bg5 Rh5 23. h4 Rb8 24. Rad1 Rb4 25. g3 d4 26. b3 Rxb3 27. Rxd4 Rb4
28. Rd3 d5 29. Rxd5+ Kc6 30. Rd8 Bd6 31. Rc1+ 1-0

[Event "105th ch-GBR 2018"]
[Site "Hull ENG"]
[Date "2018.07.29"]
[Round "2.2"]
[White "McPhillips, Joseph"]
[Black "Howell, David W L"]
[Result "0-1"]
[WhiteTitle "FM"]
[BlackTitle "GM"]
[WhiteElo "2402"]
[BlackElo "2687"]
[WhiteFideId "422487"]
[BlackFideId "410608"]
[EventDate "2018.07.28"]

1. e4 e6 2. d4 d5 3. exd5 exd5 4. Nf3 Nf6 5. Bd3 Bd6 6. O-O O-O 7. Re1 h6 8.
Nbd2 Re8 9. Rxe8+ Qxe8 10. Qe1 Qf8 11. Ne5 c5 12. dxc5 Bxc5 13. Ndf3 Nc6 14.
Nxc6 bxc6 15. h3 Bb7 16. Qc3 Bb6 17. Qe5 Re8 18. Qg3 Kh8 19. Bd2 Ne4 20. Bxe4
Rxe4 21. Re1 Rxe1+ 22. Nxe1 c5 23. Qe5 Qd8 24. Bf4 d4 25. b3 Qd5 26. Qxd5 Bxd5
27. Kf1 c4 28. Ke2 Kh7 29. g4 g5 30. Bc1 Kg6 31. Bd2 f6 32. a4 d3+ 33. cxd3 cxb3
34. Bc3 Bc6 35. Nf3 Bxa4 36. Nd2 a6 37. f3 Bd8 38. Ke3 Kf7 39. Ke2 Ke6 40. Ke3
Be7 41. f4 gxf4+ 42. Kxf4 Ba3 43. Ke4 Bc1 44. Nc4 Bb5 45. Nd6 Kxd6 0-1

[Event "105th ch-GBR 2018"]
[Site "Hull ENG"]
[Date "2018.07.29"]
[Round "2.3"]
[White "Jones, Gawain C B"]
[Black "Trent, Lawrence"]
[Result "1-0"]
[WhiteTitle "GM"]
[BlackTitle "IM"]
[WhiteElo "2670"]
[BlackElo "2406"]
[WhiteFideId "409561"]
[BlackFideId "408638"]
[EventDate "2018.07.28"]

1. e4 c5 2. Nf3 Nc6 3. d4 cxd4 4. Nxd4 Nf6 5. Nc3 d6 6. Bg5 e6 7. Qd2 Qb6 8.
O-O-O Qxd4 9. Qxd4 Nxd4 10. Rxd4 a6 11. Bxf6 gxf6 12. Na4 Bd7 13. Nb6 Rd8 14.
Nxd7 Rxd7 15. Be2 Rg8 16. g3 Rg5 17. b4 Rc7 18. Rhd1 Be7 19. Kb1 Rg8 20. f4 Kf8
21. f5 Kg7 22. a4 Rgc8 23. R1d2 exf5 24. exf5 d5 25. b5 a5 26. Bd1 Bd6 27. Rg4+
Kf8 28. Rxd5 Be5 29. Rh4 Kg7 30. b6 Rc6 31. Rxa5 Rxb6+ 32. Rb5 Rd6 33. Be2 Rd2
34. Rc4 Rxc4 35. Bxc4 Rd1+ 36. Ka2 Ra1+ 37. Kb3 Rb1+ 38. Ka3 Bd6+ 39. Ka2 Rxb5
40. Bxb5 b6 41. Kb3 Kf8 42. Kc4 Ke7 43. Kd5 Be5 44. c4 Kd8 45. Kc6 Bd4 46. c5
bxc5 47. a5 Kc8 48. Bc4 Kb8 49. Kb6 Be5 50. a6 Bc7+ 51. Kxc5 Ka7 52. Kc6 Bb6 53.
Kd7 Bg1 54. h3 Bf2 55. Ke7 1-0

[Event "105th ch-GBR 2018"]
[Site "Hull ENG"]
[Date "2018.07.29"]
[Round "2.4"]
[White "Eggleston, David J"]
[Black "McShane, Luke J"]
[Result "1-0"]
[WhiteTitle "IM"]
[BlackTitle "GM"]
[WhiteElo "2397"]
[BlackElo "2669"]
[WhiteFideId "412120"]
[BlackFideId "404853"]
[EventDate "2018.07.28"]

1. e4 e5 2. Nf3 Nc6 3. Bc4 Bc5 4. c3 Nf6 5. d3 d6 6. O-O O-O 7. a4 a5 8. Nbd2
Ne7 9. Re1 Ng6 10. Nf1 Be6 11. Ng3 Bxc4 12. dxc4 Qd7 13. h3 Rfe8 14. Nh2 Nf4 15.
Qf3 Ne6 16. Nf5 Qd8 17. h4 Kh8 18. g3 Rf8 19. Kg2 Ng8 20. h5 g6 21. Nh4 Ng7 22.
h6 Ne6 23. Re2 Qe8 24. Qg4 f6 25. N2f3 Qf7 26. Qh3 Rae8 27. Bd2 f5 28. exf5 gxf5
29. Rae1 f4 30. b4 Ba7 31. c5 Nxh6 32. Re4 Rg8 33. Rh1 Ng4 34. Kf1 Bb8 35. gxf4
exf4 36. c4 h5 37. Ng2 Kh7 38. cxd6 Nf6 39. Ne5 Qg7 40. Qf5+ Kh8 41. Rxh5+ Nxh5
42. Qxh5+ Qh7 43. Nf7+ Kg7 44. Bc3+ 1-0

[Event "105th ch-GBR 2018"]
[Site "Hull ENG"]
[Date "2018.07.29"]
[Round "2.5"]
[White "Hawkins, Jonathan"]
[Black "Roberson, Peter T"]
[Result "1-0"]
[WhiteTitle "GM"]
[BlackTitle "IM"]
[WhiteElo "2590"]
[BlackElo "2401"]
[WhiteFideId "412686"]
[BlackFideId "412384"]
[EventDate "2018.07.28"]

1. e4 e6 2. d4 d5 3. exd5 exd5 4. Nf3 Nf6 5. Bd3 Bd6 6. Qe2+ Qe7 7. Qxe7+ Bxe7
8. Bf4 c6 9. O-O O-O 10. Re1 Re8 11. Nbd2 h6 12. Re3 Be6 13. h3 Nbd7 14. c3 Nf8
15. Rae1 Rad8 16. g4 Bd6 17. Bxd6 Rxd6 18. Ne5 Bc8 19. Kg2 g5 20. Kg3 Kg7 21.
Ndf3 Ne6 22. Bf5 Nd7 23. h4 Ndf8 24. Nd3 Red8 25. hxg5 hxg5 26. Nc5 Kf6 27. Re5
b6 28. Bxe6 Bxe6 29. Nb7 Nh7 30. Rh1 Kg6 31. Rh5 Bc8 32. Nxd6 Rxd6 33. Re1 Bxg4
34. Ne5+ Kxh5 35. Rh1+ 1-0

[Event "105th ch-GBR 2018"]
[Site "Hull ENG"]
[Date "2018.07.29"]
[Round "2.6"]
[White "Zakarian, David"]
[Black "Pert, Nicholas"]
[Result "1/2-1/2"]
[WhiteTitle "FM"]
[BlackTitle "GM"]
[WhiteElo "2354"]
[BlackElo "2544"]
[WhiteFideId "13301276"]
[BlackFideId "403989"]
[EventDate "2018.07.28"]

1. e4 c5 2. Nc3 Nc6 3. Nge2 d6 4. g3 g6 5. Bg2 Bg7 6. d3 Rb8 7. O-O b5 8. a4 b4
9. Nd5 e6 10. Ne3 Nge7 11. f4 f5 12. Rb1 Nd4 13. e5 dxe5 14. Nc4 O-O 15. Nxe5
Bb7 16. Bxb7 Rxb7 17. Be3 Qd5 18. c4 bxc3 19. Nxc3 Qd6 20. Nc4 Qa6 21. Ne2 Nd5
22. Bf2 Nb3 23. Nc1 Nd4 24. Ne2 Rb4 25. Nxd4 cxd4 26. Re1 Rd8 27. Qe2 Rxa4 28.
Qxe6+ Qxe6 29. Rxe6 Nb4 30. b3 Ra2 31. Rbe1 Rf8 32. Rd1 Kf7 33. Rd6 Re8 34. Rd7+
Re7 35. Nd6+ Ke6 36. Rd8 Rd7 37. Rxd7 Kxd7 38. Nc4 Rc2 39. Be1 Nc6 40. b4 Ra2
41. b5 Ne7 42. b6 axb6 43. Nxb6+ Kc6 44. Nc4 Nd5 45. Rc1 Nc3 46. Bxc3 dxc3 47.
Ne5+ Bxe5 48. fxe5 Ra3 49. Re1 Kd5 50. e6 Ra8 51. e7 Re8 52. Kf2 Kd4 53. Re6 c2
54. Rc6 Kxd3 55. Rd6+ Kc3 56. Rc6+ Kd3 57. Rd6+ Ke4 58. Rc6 Rxe7 59. Rxc2 Kd3
60. Ra2 Rc7 61. h4 Kd4 62. Re2 Kd5 63. Kf3 Kd6 64. Kf4 Rc4+ 65. Kf3 Kd7 66. Re3
Kd6 67. Re2 Ra4 68. Re3 Rd4 69. Re2 Rd1 70. Re3 h6 71. Ke2 Rd5 72. Kf3 Re5 73.
Ra3 Re6 74. Ra5 h5 75. Rb5 Ke7 76. Rb7+ Kf6 77. Rb8 Re4 78. Rb6+ Kg7 79. Rb7+
Kf6 80. Rb6+ Re6 81. Rb8 Rd6 82. Re8 Rd3+ 83. Kf4 Rd4+ 84. Kf3 Rg4 85. Ra8 Re4
86. Ra6+ Kf7 87. Ra7+ Re7 88. Ra6 Kg7 89. Kf4 Re4+ 90. Kf3 Rd4 91. Ra7+ Kf6 92.
Ra6+ Kf7 93. Ra7+ Ke6 94. Ra6+ Rd6 95. Ra5 Kf6 96. Ra8 Ke5 97. Re8+ Re6 98. Ra8
Kf6 99. Rf8+ Kg7 100. Ra8 Kf7 101. Kf4 Re4+ 102. Kf3 Re8 103. Ra6 Re6 104. Ra8
Kf6 105. Rf8+ 1/2-1/2

[Event "105th ch-GBR 2018"]
[Site "Hull ENG"]
[Date "2018.07.29"]
[Round "2.7"]
[White "Fodor, Tamas Jr."]
[Black "Bradbury, Neil H"]
[Result "1-0"]
[WhiteTitle "GM"]
[BlackTitle "IM"]
[WhiteElo "2506"]
[BlackElo "2348"]
[WhiteFideId "723762"]
[BlackFideId "400513"]
[EventDate "2018.07.28"]

1. d4 Nf6 2. Nf3 e6 3. Bf4 c5 4. e3 a6 5. Bd3 cxd4 6. exd4 d6 7. O-O Be7 8. h3
Nbd7 9. Nbd2 b6 10. Ne4 Qc7 11. Qe2 Bb7 12. Ng3 O-O 13. Nf5 exf5 14. Qxe7 Ne4
15. Bxe4 fxe4 16. Nh4 Rfe8 17. Qxd6 Qd8 18. Nf5 Re6 19. Qc7 Qxc7 20. Bxc7 Rc8
21. Bg3 Rxc2 22. Rac1 Rxc1 23. Rxc1 g6 24. Nd6 Bd5 25. Rc7 e3 26. fxe3 1-0

[Event "105th ch-GBR 2018"]
[Site "Hull ENG"]
[Date "2018.07.29"]
[Round "2.8"]
[White "Adair, James R"]
[Black "Fitzsimons, David"]
[Result "1-0"]
[WhiteTitle "IM"]
[BlackTitle "FM"]
[WhiteElo "2492"]
[BlackElo "2328"]
[WhiteFideId "406252"]
[BlackFideId "2501961"]
[EventDate "2018.07.28"]

1. e4 e6 2. d4 d5 3. Nc3 Nf6 4. e5 Nfd7 5. f4 c5 6. Nf3 Nc6 7. Be3 Be7 8. Qd2 a6
9. Be2 O-O 10. O-O b5 11. a3 Qb6 12. Nd1 a5 13. c3 a4 14. Bd3 Na5 15. Qc2 Nb3
16. Bxh7+ Kh8 17. Rb1 cxd4 18. cxd4 b4 19. axb4 Ba6 20. Bd3 Rfc8 21. Qe2 Bxd3
22. Qxd3 Qxb4 23. Ng5 Bxg5 24. fxg5 Qc4 25. Qxc4 Rxc4 26. Rxf7 Nf8 27. Re7 Rac8
28. Ra7 Nxd4 29. Bxd4 Rxd4 30. Nc3 Ng6 31. Rxa4 Rd2 32. Rb4 Nxe5 33. Re1 Nc4 34.
Re2 Rxb2 35. Rbxb2 Nxb2 36. Rxb2 Rxc3 37. g6 Rc8 38. Rb6 Re8 39. h4 e5 40. Rd6
d4 41. h5 Kg8 42. Kh2 Kf8 43. Rd7 Re7 44. Rd8+ Re8 45. Rd7 Re7 46. Rd8+ Re8 47.
Rd5 e4 48. Rxd4 e3 49. Rf4+ Kg8 50. Rf1 Re4 51. g3 e2 52. Re1 Kf8 53. Kg2 Ke7
54. Kf3 Ra4 55. Rxe2+ Kf6 56. Re4 Ra5 57. Kg4 Ra7 58. Rf4+ Ke6 59. h6 1-0

[Event "105th ch-GBR 2018"]
[Site "Hull ENG"]
[Date "2018.07.29"]
[Round "2.9"]
[White "Tan, Justin2"]
[Black "Webb, Laurence E"]
[Result "1/2-1/2"]
[WhiteTitle "IM"]
[BlackTitle "FM"]
[WhiteElo "2481"]
[BlackElo "2306"]
[WhiteFideId "3206882"]
[BlackFideId "402389"]
[EventDate "2018.07.28"]

1. e4 e6 2. d4 d5 3. Nd2 Be7 4. e5 c5 5. c3 Nc6 6. Bd3 Nh6 7. Ne2 Bd7 8. O-O
cxd4 9. cxd4 Nf5 10. Nf3 Qb6 11. Bxf5 exf5 12. Bg5 Bxg5 13. Nxg5 h6 14. Nh3 Be6
15. Nhf4 O-O-O 16. Qa4 Kb8 17. Rfc1 Rc8 18. Nd3 g5 19. Rc5 f4 20. Nc3 a6 21. Rd1
Rhd8 22. a3 Na7 23. b4 Nb5 24. Nxb5 Rxc5 25. Nxc5 Qxb5 26. Qc2 Rc8 27. Qb2 a5
28. a4 Qxb4 29. Rb1 Qxb2 30. Rxb2 Ka8 31. Rb5 Rc6 32. Rxa5+ Kb8 33. Rb5 b6 34.
h4 Kc7 35. Na6+ Kb7 36. Nb4 Rc1+ 37. Kh2 Ra1 38. Nxd5 Rxa4 39. Rxb6+ Ka7 40. Rb4
Ra2 41. Nf6 Rxf2 42. d5 Bf5 43. Rd4 g4 44. Kg1 g3 45. Nh5 f3 46. gxf3 Bh3 47.
Nxg3 Rg2+ 48. Kh1 Rxg3 49. Rf4 Rg7 50. Rf6 1/2-1/2

[Event "105th ch-GBR 2018"]
[Site "Hull ENG"]
[Date "2018.07.29"]
[Round "2.10"]
[White "Derakhshani, Borna"]
[Black "Gormally, Daniel W"]
[Result "1/2-1/2"]
[WhiteTitle "FM"]
[BlackTitle "GM"]
[WhiteElo "2315"]
[BlackElo "2478"]
[WhiteFideId "12518450"]
[BlackFideId "406465"]
[EventDate "2018.07.28"]

1. d4 d5 2. Bf4 Nf6 3. Nc3 e6 4. e3 a6 5. Nf3 c5 6. Bd3 c4 7. Be2 Bb4 8. O-O
Bxc3 9. bxc3 Ne4 10. Qe1 O-O 11. a4 Nc6 12. Ne5 Ne7 13. f3 Nd6 14. e4 f6 15. Ng4
Ng6 16. Bc1 f5 17. e5 Nf7 18. Nf2 f4 19. Ba3 Re8 20. Nh3 Ng5 21. Nxg5 Qxg5 22.
a5 Bd7 23. Rb1 Bc6 24. Qd2 Rad8 25. Rf2 Rd7 26. g3 Rf7 27. Rg2 Qd8 28. Bb4 b6
29. Bf1 fxg3 30. hxg3 bxa5 31. Bd6 Rxf3 32. Be2 Rf7 33. Bh5 Bb5 34. Rh2 Rf5 35.
Bg4 Qg5 36. Bxf5 Qxf5 37. Rf1 Qg4 38. Qf2 h6 39. Qf7+ Kh7 40. Qf3 Qxf3 41. Rxf3
Kg8 42. Rhf2 Rd8 43. Rf7 Rd7 44. Rxd7 Bxd7 45. Rf1 Ba4 46. Ra1 Bxc2 47. Rxa5 Bf5
48. Rxa6 h5 49. Ra8+ Kh7 50. Ra7 Kg8 51. Kf2 h4 52. gxh4 Nxh4 53. Be7 Ng6 54.
Bg5 Kh8 55. Ke3 Kg8 1/2-1/2

[Event "105th ch-GBR 2018"]
[Site "Hull ENG"]
[Date "2018.07.29"]
[Round "2.11"]
[White "Fernandez, Daniel Howard"]
[Black "Muir, Andrew J"]
[Result "1-0"]
[WhiteTitle "GM"]
[BlackTitle "IM"]
[WhiteElo "2477"]
[BlackElo "2291"]
[WhiteFideId "5801605"]
[BlackFideId "2400138"]
[EventDate "2018.07.28"]

1. f4 c5 2. b3 g6 3. Bb2 Nf6 4. Bxf6 exf6 5. c4 Bg7 6. g3 d5 7. cxd5 Qxd5 8. Nf3
b6 9. Nc3 Qd7 10. d4 cxd4 11. Qxd4 Bb7 12. Qe3+ Qe7 13. Qxe7+ Kxe7 14. f5 Rc8
15. Nd1 Nc6 16. Bg2 Nb4 17. O-O Nc2 18. Rb1 Bh6 19. e3 Ba6 20. Ne1 Rab8 21. Nxc2
Bxf1 22. Nd4 Bxg2 23. Kxg2 Rc7 24. Nf2 Kf8 25. Kf3 Re8 26. Ng4 Bg7 27. b4 Rc3
28. Rb3 Rxb3 29. axb3 a6 30. Nf2 Bh6 31. Ne4 Bg7 32. b5 axb5 33. Nxb5 Re5 34.
Nd4 Rd5 35. Nc3 Rd6 36. b4 Ke7 37. Ke4 Ke8 38. g4 Kd8 39. Nd5 Ke8 40. h4 h5 41.
gxh5 gxh5 42. b5 Bh6 43. Ne2 Rxd5 44. Kxd5 Bxe3 45. Kc6 Bf2 46. Nf4 Bxh4 47.
Nxh5 Bf2 48. Nf4 Kf8 49. Nd5 Kg7 50. Nxb6 Kh6 51. Nc8 Kg5 52. Ne7 Kf4 53. b6 Ke5
54. b7 Ba7 55. Kd7 Bb8 56. Nc6+ 1-0